Memoria que comprende el resumen de los trabajos verificados en el año de 1850 por las diferentes secciones de la Comisión encargada de formar el mapa geológico de la provincia de Madrid y el general del reino (Registro nro. 153211)
[ vista simple ]
| 000 -LEADER | |
|---|---|
| campo de control de longitud fija | 01446nam a2200277 i 4500 |
| 001 - NÚMERO DE CONTROL | |
| campo de control | 153211 |
| 003 - IDENTIFICADOR DE NÚMERO DE CONTROL | |
| campo de control | ES-MaACL |
| 005 - FECHA Y HORA DE LA ÚLTIMA TRANSACCIÓN | |
| campo de control | 20250626211320.0 |
| 008 - DATOS DE LONGITUD FIJA--INFORMACIÓN GENERAL | |
| campo de control de longitud fija | 990212s1852 sp |||| | spa d |
| 080 ## - NÚMERO DE LA CLASIFICACIÓN DECIMAL UNIVERSAL | |
| Número de la Clasificación Decimal Universal | 55(460) |
| 110 2# - ENTRADA PRINCIPAL--NOMBRE DE ENTIDAD CORPORATIVA | |
| Nombre de entidad corporativa o nombre de jurisdicción como elemento de entrada | Comisión del Mapa Geológico de España. |
| 9 (RLIN) | 3030 |
| 245 10 - MENCIÓN DEL TÍTULO | |
| Título | Memoria que comprende el resumen de los trabajos verificados en el año de 1850 por las diferentes secciones de la Comisión encargada de formar el mapa geológico de la provincia de Madrid y el general del reino |
| Resto del título | : presentada el 4 de febrero de 1851... / |
| Mención de responsabilidad, etc. | por Don Francisco de Luján... |
| 260 ## - PUBLICACIÓN, DISTRIBUCIÓN, ETC. | |
| Lugar de publicación, distribución, etc. | Madrid : |
| Nombre del editor, distribuidor, etc. | Imp. y Fund. de Don Eusebio Aguado, |
| Fecha de publicación, distribución, etc. | 1852. |
| 300 ## - DESCRIPCIÓN FÍSICA | |
| Extensión | 52 p. ; |
| Dimensiones | 26 cm. |
| 597 ## - NOTA DE DESCRIPCIÓN FÍSICA | |
| NOTA DE DESCRIPCIÓN FÍSICA | Port. con grab. |
| 610 24 - PUNTO DE ACCESO ADICIONAL DE MATERIA--NOMBRE DE ENTIDAD CORPORATIVA | |
| Nombre de entidad corporativa o nombre de jurisdicción como elemento de entrada | Comisión del Mapa Geológico de España- |
| Subdivisión de forma | Memorias. |
| 9 (RLIN) | 155974 |
| 650 #4 - PUNTO DE ACCESO ADICIONAL DE MATERIA--TÉRMINO DE MATERIA | |
| Término de materia o nombre geográfico como elemento de entrada | Geología- |
| Subdivisión geográfica | España. |
| 9 (RLIN) | 138819 |
| 650 #4 - PUNTO DE ACCESO ADICIONAL DE MATERIA--TÉRMINO DE MATERIA | |
| Término de materia o nombre geográfico como elemento de entrada | Flora- |
| Subdivisión geográfica | España. |
| 9 (RLIN) | 152605 |
| 650 #4 - PUNTO DE ACCESO ADICIONAL DE MATERIA--TÉRMINO DE MATERIA | |
| Término de materia o nombre geográfico como elemento de entrada | Fauna- |
| Subdivisión geográfica | España. |
| 9 (RLIN) | 152606 |
| 700 1# - ENTRADA AGREGADA--NOMBRE PERSONAL | |
| Nombre de persona | Luján, Francisco de. |
| 9 (RLIN) | 129140 |
| 852 ## - LOCALIZACIÓN | |
| Ubicación | ES-MaACL |
| Número de control de estantería | T-49-F-8 |
| Nota libre | - Enc. hol. |
| condición física | - Falto de cub. original |
| Nota libre | - Enc. en un vol. facticio |
| 852 ## - LOCALIZACIÓN | |
| Ubicación | ES-MaACL |
| Número de control de estantería | T-1279-F-2 |
| Nota libre | - Enc. hol. |
| condición física | - Falto de cub. original |
| Nota libre | - Enc. en un vol. facticio |
| -- | .- Donat. Bosch |
| 852 ## - LOCALIZACIÓN | |
| Ubicación | ES-MaACL |
| Número de control de estantería | L-32449(2) |
| Nota libre | - Enc. cart. |
| -- | . - Legado Federico de Botella y de Hornos |
| -- | - Enc. en un vol. facticio, con tít. en el lomo de: España, geología: memorias varias, 2 |
| 942 ## - ELEMENTOS DE ENTRADA SECUNDARIOS (KOHA) | |
| Fuente del sistema de clasificación o colocación | Clasificación decimal universal |
| Estatus retirado | Estado de pérdida | Estado de daño | No para préstamo | Colección | Biblioteca de origen | Biblioteca actual | Ubicación en estantería | Fecha de adquisición | Fuente de adquisición | Total de préstamos | Signatura topográfica completa | Código de barras | Visto por última vez | Precio de reemplazo | Tipo de ítem Koha |
|---|---|---|---|---|---|---|---|---|---|---|---|---|---|---|---|
| Libros del s. XIX | Biblioteca del Ateneo de Madrid | Biblioteca del Ateneo de Madrid | Depósito 2 | 21/06/2019 | L-32449(2) | 1200900 | 23/02/2023 | 23/02/2023 | Libro impreso antiguo | ||||||
| Colección de folletos | Biblioteca del Ateneo de Madrid | Biblioteca del Ateneo de Madrid | Depósito folletos | 17/01/2008 | T-49-F-8 | 1160096 | 23/02/2023 | 23/02/2023 | Folleto | ||||||
| Colección de folletos | Biblioteca del Ateneo de Madrid | Biblioteca del Ateneo de Madrid | Depósito folletos | 17/01/2008 | T-1279-F-2 | 1160097 | 23/02/2023 | 23/02/2023 | Folleto |
